| 000 | 00576nam a2200181Ia 4500 | ||
|---|---|---|---|
| 005 | 20250508160211.0 | ||
| 008 | 008 250505s9999 xx 000 0 eng d | ||
| 037 | _aBooks to be hide in OPAC | ||
| 040 |
_aFEDL _beng _cFEDL |
||
| 041 |
_aeng _2eng |
||
| 084 |
_a372.973, WAS/O _qFEDL |
||
| 100 |
_aDunn Arthur W _9768122 |
||
| 245 | 0 | _aCivic education in elementary schools as illustrated in Indianapolis | |
| 260 |
_aWashington, USA _bU.S. Government Printing Office _c1915 |
||
| 300 | _a35p. | ||
| 942 |
_cHB _h372.973, WAS/O |
||
| 999 |
_c1362621 _d1362621 |
||